| 000 | 00386cam a2200145ua 4500 | ||
|---|---|---|---|
| 003 | OSt | ||
| 008 | 241101b |||||||| |||| 00| 0 eng d | ||
| 041 | _aeng | ||
| 082 |
_a621.47 _bKAU/SO |
||
| 100 |
_aKaushika, N.D . _96362 |
||
| 245 | _aSolar energy: principles and applications / | ||
| 260 |
_aDelhi : _bI B T Publishers & Distributors , _c1988. |
||
| 300 | _a246 ; . | ||
| 942 | _cBK | ||
| 999 |
_c10771 _d10771 |
||